Praktické metody simulace dynamických systémů /

Salvato in:
Dettagli Bibliografici
Autori principali: Novák, Vladimír (Autore), Zítek, Pavel (Autore)
Natura: Libro
Lingua:ceco
Pubblicazione: Praha : SNTL, 1982
Tags: Aggiungi Tag
Nessun Tag, puoi essere il primo ad aggiungerne!!

MARC

LEADER 00000nam a22000003a 4500
001 stu712
005 20150617225618.7
008 910614s1982----cs------------------cze-d
040 |a STU  |b slo 
041 0 |a cze 
044 |a cs 
080 |a 519.876.5 
080 |a 517.987(075.8)  |7 stu_us_auth*stu7926 
100 1 |a Novák, Vladimír  |4 aut 
245 1 |a Praktické metody simulace dynamických systémů /  |c [aut.] Novák,Vladimír; Zítek,Pavel 
260 |a Praha :  |b SNTL,  |c 1982 
300 |a 307 s 
700 1 |a Zítek, Pavel  |4 aut 
996 |b E53780  |c E*53780  |l EE15  |s P  |a 0  |w stu712_0003 
996 |c I*15MS2857  |l II680  |s A  |a 24  |w stu712_0005